zpět

Detail výsledku týmu

Infinity c&c bar, Zlín

Datum a čas kvízu

26.5 Celkem bodů Celkový počet nahraných bodů na tomto kvízu bez doplňovacích otázek.
3. Pořadí na kvízu Konečné umístění týmu na tomto kvízu.

Zaznamenané odpovědi

# Otázka Odpověď Body Výsledky
1. Jistý zlomyslný muž odstranil... v Brně 0
2. Letiště Šin-Čitose na japonské... nůžky 0
3. Animovaný seriál Bob a Bobek –... Hádkovi 1
4. Fanoušci značky Škoda vybrali... Kylaq 0
5. Při fotbalovém zápase peruánsk... močil (u rohového praporku) 1
6. Historie Texasu je těsně spoje... San Antonio 0
7. Hranici mezi Texasem a Mexikem... Colorado 0
8. V jižním cípu Texasu se nacház... Boca Chica 0
9. Jak se jmenoval americký polit... Stephen F. Austin 1
10. Mezi několik známých osobností... Eva Longoria, Zoufalé manželky 1